Moses, builder of altars. (Record no. 3736)

000 -LEADER
fixed length control field 00532nam a2200181 a 4500
001 - CONTROL NUMBER
control field :::00001468$&:&@@
003 - CONTROL NUMBER IDENTIFIER
control field OkBaRHE
005 - DATE AND TIME OF LATEST TRANSACTION
control field 20000607103244.0
008 - FIXED-LENGTH DATA ELEMENTS--GENERAL INFORMATION
fixed length control field s1943 j 000 0 eng u
040 ## - CATALOGING SOURCE
Transcribing agency
100 1# - MAIN ENTRY--PERSONAL NAME
Personal name Miller, Basil.
245 10 - TITLE STATEMENT
Title Moses, builder of altars.
260 ## - PUBLICATION, DISTRIBUTION, ETC. (IMPRINT)
Place of publication, distribution, etc Grand Rapids, MI., :
Name of publisher, distributor, etc Zondervan Publishing House
Date of publication, distribution, etc c1943
300 ## - PHYSICAL DESCRIPTION
Extent 154 p. ;
Dimensions 20 cm.
650 ## - SUBJECT ADDED ENTRY--TOPICAL TERM
Topical term or geographic name as entry element Moses.
942 ## - ADDED ENTRY ELEMENTS (KOHA)
Source of classification or shelving scheme
Koha item type Books
Copies
Damaged status Withdrawn status Date last seen Price effective from Lost status Not for loan Shelving location Barcode Copy number Koha item type Permanent Location Date acquired Source of classification or shelving scheme Full call number
  2010-04-142010-04-14  General Stacks14681BooksRHEMA Bible Training College2010-04-14 BS 580 .M6M5